LEADER 00823nam0-22002771i-450- 001 990003319750403321 005 20090527163715.0 035 $a000331975 035 $aFED01000331975 035 $a(Aleph)000331975FED01 035 $a000331975 100 $a20030910d1988----km-y0itay50------ba 101 0 $aspa 102 $aES 105 $ay-------001yy 200 1 $a<>español idiomático$efrases y modismos del español$fPablo Domínguez Gonzáles, Marcial Morera Pérez y Gonzalo Ortega Ojeda 210 $aBarcelona$cAriel$d1988 676 $a407.4 700 1$aDomínguez Gonzáles,$bPablo$0432205 801 0$aIT$bUNINA$gRICA$2UNIMARC 901 $aBK 912 $a990003319750403321 952 $a407.4 GON$bLINGUE 1236$fDECLI 959 $aDECLI 996 $aEspañol idiomático$9447320 997 $aUNINA LEADER 01210nam0-2200409---450 001 990005638770203316 005 20190403124937.0 035 $a000563877 035 $aUSA01000563877 035 $a(ALEPH)000563877USA01 035 $a000563877 100 $a20040202d1987----|||y0itaa50------ba 101 $aita 102 $ait 105 $a0 00||| 200 1 $a<> città di utopia$fRoberto Fregna$gpresentazione di Leonardo Lugli$gfigure di Antonio Petti 205 $aBologna : Clueb$bcopyr. 1987 210 $a376 p.$a22 cm 215 $aAntologia di descrizioni di città ideali. 314 $anLugli, Leonardo$9SAV005934 606 $aLetteratura$xTemi[:] Utopia$2F 620 $dBOLOGNA 676 $a808.803 72 700 1$aFREGNA,$bRoberto$0313335 702 1$aLUGLI,$bLeonardo 702 1$aPETTI,$bAntonio 801 0$aIT$bSA$c20111219 912 $a990005638770203316 950 0$aDipar.to di Filosofia - Salerno$dDFCC 808.803 72 FRE$e4808 FIL 951 $aCC 808.803 72$b4808 FIL 959 $aBK 969 $aFIL 979 $c20121027$lUSA01$h1525 979 $c20121027$lUSA01$h1614 996 $aCittà di utopia$977426 997 $aUNISA NUM $aSA0009040